Fisiología articular: esquemas comentados de mecánica humana
Wedi'i Gadw mewn:
| Prif Awdur: | |
|---|---|
| Fformat: | Llyfr |
| Iaith: | Sbaeneg |
| Cyhoeddwyd: |
Madrid
Médica Panamericana
2007
|
| Rhifyn: | 6a. ed |
| Pynciau: | |
| Tagiau: |
Ychwanegu Tag
Dim Tagiau, Byddwch y cyntaf i dagio'r cofnod hwn!
|
MARC
| LEADER | 00000nam a2200000 a 4500 | ||
|---|---|---|---|
| 001 | UCG7347 | ||
| 003 | CL-VaPUC | ||
| 005 | 20231114124416.0 | ||
| 008 | 110727e20070000SP |||||||||||||||||spa|d | ||
| 999 | |c 345365 |d 345363 | ||
| 020 | |a 9788498350029 | ||
| 040 | |c Pontificia Universidad Católica de Valparaíso | ||
| 082 | 0 | 4 | |a 612.75 |b KAP |2 21 |
| 100 | |a Kapandji, Adalbert Ibrahim |e author |9 558046 | ||
| 245 | 1 | 0 | |a Fisiología articular: esquemas comentados de mecánica humana |
| 250 | |a 6a. ed | ||
| 260 | |a Madrid |b Médica Panamericana |c 2007 | ||
| 300 | |a t | ||
| 500 | |a t.1: Hombro, codo, pronosupinación, muñeca, mano | ||
| 583 | |a last modification |c 20110727 00:00:00 |k Rodrigo Vera | ||
| 650 | 0 | |a Articulaciones |2 CL-VaPUC |9 324125 | |
| 650 | 0 | |a Fisiopatología |9 407166 | |
| 650 | 0 | |a Biomecánica |9 307420 | |
| 650 | 0 | |a Fisiología del ejercicio |9 536563 | |
| 650 | 0 | |a Anatomía humana |9 269546 | |
| 650 | 0 | |a Fisioterapia |9 307408 | |
| 942 | |c BK |2 ddc | ||
| 945 | |d 20110727 00:00:00 |a dcastane | ||
| 952 | |0 0 |1 0 |4 0 |6 612_750000000000000_KAP_2007 |7 0 |8 A |9 444004 |a BIBCUR |b BIBCUR |d 2019-11-22 |h t.1 |i 4787935 |o 612.75 KAP 2007 |p 4787935 |r 2025-04-22 |w 2019-11-22 |y BK |k KIN | ||